গ্রন্থাগার সংগঠনে মুসলমান / (Record no. 32181)
[ view plain ]
| 000 -LEADER | |
|---|---|
| fixed length control field | 00919nam a22002177a 4500 |
| 003 - CONTROL NUMBER IDENTIFIER | |
| control field | BDDh-ASL |
| 005 - DATE AND TIME OF LATEST TRANSACTION | |
| control field | 20231015031348.0 |
| 008 - FIXED-LENGTH DATA ELEMENTS--GENERAL INFORMATION | |
| fixed length control field | 200914s2004 b ||||| |||| 00| 0 b d |
| 040 ## - CATALOGING SOURCE | |
| Original cataloging agency | BDDh-ASL |
| Transcribing agency | BDDh-ASL |
| Modifying agency | BDDh-ASL |
| 041 ## - LANGUAGE CODE | |
| Language code of text/sound track or separate title | bengali |
| 082 ## - DEWEY DECIMAL CLASSIFICATION NUMBER | |
| Classification number | 297 |
| Item number | HAG |
| 100 1# - MAIN ENTRY--PERSONAL NAME | |
| Personal name | হক, শামসুল |
| 9 (RLIN) | 582 |
| 245 1# - TITLE STATEMENT | |
| Title | গ্রন্থাগার সংগঠনে মুসলমান / |
| 246 ## - VARYING FORM OF TITLE | |
| Title proper/short title | Granthagar Sangathane Muslaman. |
| 260 ## - PUBLICATION, DISTRIBUTION, ETC. | |
| Place of publication, distribution, etc. | ঢাকা: |
| Name of publisher, distributor, etc. | ইসলামিক ফাউন্ডেশন বাংলাদেশ, |
| Date of publication, distribution, etc. | ২০০৪। |
| 300 ## - PHYSICAL DESCRIPTION | |
| Extent | ১৫২ পৃষ্ঠা: |
| Dimensions | ২২ সে. মি.। |
| 500 ## - GENERAL NOTE | |
| General note | |
| 504 ## - BIBLIOGRAPHY, ETC. NOTE | |
| Bibliography, etc. note | গ্রন্থপঞ্জি সংযুক্ত । |
| 650 #0 - SUBJECT ADDED ENTRY--TOPICAL TERM | |
| Topical term or geographic name entry element | ইসলাম ধর্ম , Isalāma dharma, Islam, Religion, Mohammedism, Mohammadan, Mohammedan, Muhammadan, Islamic Relition, Peace |
| 9 (RLIN) | 747 |
| 942 ## - ADDED ENTRY ELEMENTS (KOHA) | |
| Source of classification or shelving scheme | Dewey Decimal Classification |
| Koha item type | Books |
| Withdrawn status | Lost status | Source of classification or shelving scheme | Damaged status | Not for loan | Collection code | Home library | Current library | Shelving location | Date acquired | Source of acquisition | Total Checkouts | Full call number | Barcode | Date last seen | Copy number | Price effective from | Koha item type | Public note |
|---|---|---|---|---|---|---|---|---|---|---|---|---|---|---|---|---|---|---|
| Dewey Decimal Classification | Non-fiction | Asiatic Society Library | Asiatic Society Library | General Stacks | 04/29/2023 | ASB Library Collection | 297 HAG | 120987 | 04/29/2023 | C-1 | 04/29/2023 | Books | Y-2004 |